000 00563nam a2200205Ia 4500
005 20250923144618.0
008 008 250917s9999 xx 000 0 eng d
037 _aTextual
040 _aDSWL
_beng
_cDSWL
041 _aeng
_2eng
084 _aY148.73, J7
_qDSWL
100 _aMills, C. Wright
_9826627
245 4 _athe power elite
_cby C. Wright Mills
260 _aNew York
_bOxford University Press
_c1957
300 _a423p.
365 _aUSD
_b6
925 _g6
942 _cTEXL
_hY148.73, J7
999 _c1441169
_d1441169